Slovenská republika automapa
| Korporatívny autor: | |
|---|---|
| Ďalší autori: | , , , , |
| Médium: | Kniha |
| Jazyk: | zložené (viacriadkové) jazyky slovenčina nemčina angličtina maďarčina poľština |
| Fyzický popis: | 1 mapa fareb. 87x118 cm text. časť, 28 s. |
| Vydavateľské údaje: |
Harmanec
Vojenský kartografický ústav
1997
|
| ISBN: | 8080420904 |
| Predmet: |
MARC
| LEADER | 00000nam a2200000 a 4500 | ||
|---|---|---|---|
| 001 | vtls001286558 | ||
| 003 | SK-MaSNL | ||
| 005 | 20260425224902.0 | ||
| 008 | 160415s1997 xo 0 mul | ||
| 015 | |a SNBC1997/03-01312 | ||
| 020 | |a 8080420904 | ||
| 035 | |a SNK000238107 | ||
| 040 | |a SNK |b slo |c SNK |e AACR2 | ||
| 041 | 0 | |a slo |a ger |a eng |a hun |a pol | |
| 044 | |a xo |c SK | ||
| 080 | |a 656.1(437.6)(084.3) |2 1981 | ||
| 110 | 0 | |a Vojenský kartografický ústav (Harmanec, Slovensko) |4 aut |9 32777 | |
| 245 | 1 | |a Slovenská republika |h kartografický dokument |b automapa |c spracoval Vojenský kartografický ústav, š.p., Harmanec ; zodpovedný redaktor Rudolf Buday ; technické redaktorky Viera Kolkusová ... [et al.] | |
| 246 | 1 | 0 | |a Slowakische Republik |
| 246 | 1 | 0 | |a Slovak Republic |
| 246 | 1 | 0 | |a Szlovák Köztársaság |
| 246 | 1 | 0 | |a Słowacka republika |
| 246 | 1 | 1 | |a Slowakische Republik |
| 246 | 1 | 1 | |a Slovak Republic |
| 246 | 1 | 1 | |a Szlovák Köztársaság |
| 246 | 1 | 1 | |a Słowacka republika |
| 255 | |a Mierka 1:250 000 | ||
| 260 | |a Harmanec |b Vojenský kartografický ústav |c 1997 | ||
| 300 | |a 1 mapa |b fareb. |c 87x118 cm |e text. časť, 28 s. | ||
| 500 | |a Súbež. náz., podnáz. a vysvetl. v nem., angl., maď. a poľ. Vysvetl. aj v ruš. | ||
| 500 | |a Mapa obojs. Obs. graf. mierku, mp., pl., reg., vysvetl. a rekl. Red. uzávierka 1.4.1997 | ||
| 651 | 7 | |a Slovensko |2 SNKPHgeo |9 14231 | |
| 655 | 7 | |a automapy |2 SNKPH |9 70659 | |
| 700 | 1 | |a Buday, Rudolf |4 zre |9 43094 | |
| 700 | 1 | |a Kolkusová, Viera |4 zre |9 44888 | |
| 700 | 1 | |a Pišíková, Romana |4 zre |9 46320 | |
| 700 | 1 | |a Bodnárová, Emília |4 zre |9 8997 | |
| 700 | 1 | |a Fábryová, Mária |4 zre |9 43633 | |
| 919 | |a 80-8042-090-4 | ||
| 923 | |a automapa |b skladaná |c pre verejnosť | ||
| 958 | |a CMP | ||
| 958 | |a TL | ||
| 999 | |c 628464 |d 630394 | ||
| 952 | |t P60, <09>, [BOOK], {629} |a SNK |b SNK |y NEVYP |7 0 |o snkC 1169 |i snk2196/970520 |0 0 |1 0 |4 0 |d 1997-05-19 |l 0 |r 2005-01-02 00:00:00 |w 2026-02-23 | ||
| 952 | |t P60, <03>, [BOOK], {603} |a SNK |b SNK |y PREZ |7 0 |p 17A0066707 |o snkSLCm 1915 |i snkKSP 4965/97 |0 0 |1 0 |4 0 |d 1997-05-19 |l 0 |r 2005-01-02 00:00:00 |w 2026-02-23 | ||
| 952 | |t P60, <04>, [BOOK], {604} |a SNK |b SNK |y VYP |7 0 |p 17A0066706 |o snkSLCm 1915 D1 |i snkKSP 4966/97 |0 0 |1 0 |4 0 |d 1997-05-19 |l 0 |r 2005-01-02 00:00:00 |w 2026-02-23 | ||


